| 000 | 00648nam a2200229Ia 4500 | ||
|---|---|---|---|
| 008 | 101110s9999 xx 000 0 und d | ||
| 041 | _aENGLISH | ||
| 082 | _bSR30751 | ||
| 100 | _aAjagaonkar Parag and Patkar Anjali | ||
| 245 | _aMarketing and finance SYBCom (Free with accounts-II) | ||
| 260 |
_c2008 _bSheth pub.pvt.ltd.,Mumbai |
||
| 300 | _a344 | ||
| 365 | _b0 | ||
| 520 | _aCommerce | ||
| 520 | _aRs.100.00 | ||
| 546 | _aENGLISH | ||
| 630 | _aMarketing and finance SYBCom (Free with accounts-II) | ||
| 650 | _aCommerce | ||
| 655 | _aCommerce | ||
| 730 | _aMarketing and finance SYBCom (Free with accounts-II) | ||
| 942 | _cBOOK | ||
| 999 |
_c823254 _d823251 |
||